| 000 | 00665nam a2200217 a 4500 | ||
|---|---|---|---|
| 005 | 20240228064005.0 | ||
| 008 | 090617s2001 mx r 000 0 spa d | ||
| 020 | _a8466706186 | ||
| 035 | _aUPN01000171230 | ||
| 049 | _aI | ||
| 050 | 4 |
_aPZ73 _bL3.3 |
|
| 100 | 1 |
_aLanda, Mariasun, _d1949- _939023 |
|
| 245 | 1 | 0 |
_aElefante corazón de pájaro / _cMariasun Landa ; il. de Emilio Urberuaga. |
| 260 |
_aMadrid : _bAnaya, _c2001. |
||
| 300 |
_a70 p. : _bil. col. |
||
| 440 | 0 |
_aSopa de libros ; _v65 |
|
| 534 |
_pTítulo original: _tElefante txori-bihotza |
||
| 650 | 4 |
_aCuentos infantiles _96744 |
|
| 650 | 4 |
_aLibros y lectura para niños _92290 |
|
| 905 | _aInfantil | ||
| 999 |
_c143335 _d143335 |
||